Le travail sur archives : Guide pratique (notice n° 2016691)

détails MARC
000 -LEADER
fixed length control field 01440cam a2200145 4500500
005 - DATE AND TIME OF LATEST TRANSACTION
control field 20260329064706.0
041 ## - LANGUAGE CODE
Language code of text/sound track or separate title fre
042 ## - AUTHENTICATION CODE
Authentication code dc
100 10 - MAIN ENTRY--PERSONAL NAME
Personal name Barbier, Jonathan
Relator term author
245 00 - TITLE STATEMENT
Title Le travail sur archives : Guide pratique
260 ## - PUBLICATION, DISTRIBUTION, ETC.
Name of publisher, distributor, etc. Armand Colin,<br/>
Date of publication, distribution, etc. 2018.<br/>
520 ## - SUMMARY, ETC.
Summary, etc. Le travail sur archives est l’une des techniques d’enquête essentielles dans de nombreux domaines : sciences humaines et sociales, mais aussi journalisme ou encore généalogie.En abordant toutes les facettes de ce travail, cet ouvrage donne les clés indispensables pour la consultation et l’analyse des documents d’archives. Il vise autant à former les étudiants qu’à faciliter à tous ceux, enseignants- chercheurs, professionnels divers et particuliers, l’accès à l’univers parfois complexe des archives.Cet ouvrage souhaite à la fois transmettre des rudiments d’archivistique, renseigner sur les centres et les services d’archives et donner des conseils pratiques pour exploiter le plus efficacement les documents d’archives. Attentif à présenter la grande diversité de ces documents (publics comme privés, imprimés comme manuscrits, sonores comme iconographiques, papier comme numériques), il sera pour tous un guide et un outil de référence.
700 10 - ADDED ENTRY--PERSONAL NAME
Personal name Mandret-Degeilh, Antoine
Relator term author
856 41 - ELECTRONIC LOCATION AND ACCESS
Uniform Resource Identifier <a href="https://shs.cairn.info/le-travail-sur-archives--9782200621056?lang=fr&redirect-ssocas=7080">https://shs.cairn.info/le-travail-sur-archives--9782200621056?lang=fr&redirect-ssocas=7080</a>

Pas d'exemplaire disponible.

PLUDOC

PLUDOC est la plateforme unique et centralisée de gestion des bibliothèques physiques et numériques de Guinée administré par le CEDUST. Elle est la plus grande base de données de ressources documentaires pour les Étudiants, Enseignants chercheurs et Chercheurs de Guinée.

Adresse

627 919 101/664 919 101

25 boulevard du commerce
Kaloum, Conakry, Guinée

Réseaux sociaux

Powered by Netsen Group @ 2025